Motion picture and video lighting : (Record no. 366638)
[ view plain ]
| 000 -LEADER | |
|---|---|
| fixed length control field | 02199nam a22002177a 4500 |
| 003 - CONTROL NUMBER IDENTIFIER | |
| control field | 0 |
| 005 - DATE AND TIME OF LATEST TRANSACTION | |
| control field | 20241028091626.0 |
| 008 - FIXED-LENGTH DATA ELEMENTS--GENERAL INFORMATION | |
| fixed length control field | 241028b xxu||||| |||| 00| 0 eng d |
| 020 ## - INTERNATIONAL STANDARD BOOK NUMBER | |
| International Standard Book Number | 9781032370347 |
| 050 ## - LIBRARY OF CONGRESS CALL NUMBER | |
| Classification number | TR 891 |
| Item number | .B76 2024 |
| 100 ## - MAIN ENTRY--PERSONAL NAME | |
| Personal name | Brown, Blain, |
| Relator term | author. |
| 245 ## - TITLE STATEMENT | |
| Title | Motion picture and video lighting : |
| Remainder of title | for cinematographers, gaffers, and lighting technicians / |
| Statement of responsibility, etc | Blain Brown. |
| 250 ## - EDITION STATEMENT | |
| Edition statement | 4th ed. |
| 260 ## - PUBLICATION, DISTRIBUTION, ETC. (IMPRINT) | |
| Place of publication, distribution, etc | New York, NY : |
| Name of publisher, distributor, etc | Routledge, |
| Date of publication, distribution, etc | 2024. |
| 300 ## - PHYSICAL DESCRIPTION | |
| Extent | xii, 328 p. : |
| Other physical details | col. ill. ; |
| Dimensions | 26 cm. |
| 504 ## - BIBLIOGRAPHY, ETC. NOTE | |
| Bibliography, etc | Includes bibliographical references and index. |
| 520 ## - SUMMARY, ETC. | |
| Summary, etc | "This fully revised and updated fourth edition of Motion Picture and Video Lighting explores the technical, aesthetic, and practical aspects of lighting for film and video. It covers not only how to light, but also why. Written by experienced author and filmmaker Blain Brown, this book emphasizes how the image, the mood, and the visual impact of a film are, to a great extent, determined by the skill and sensitivity of the director of photography in using lighting. It provides an indispensable, highly illustrated and comprehensive guide to making every scene look its best. Key topics include: Lighting sources, the lighting process, lighting basics, LED, tungsten, Kino-Flo, HMI, and plasma lights, methods of controlling light, planning your lighting, the basic methods: a lighting playbook, visual storytelling with light, understanding and controlling color, terminology, electricity and distribution, gripology, set operations, the team: DP, gaffer, grips, lighting technicians, technical issues, lighting for greenscreen/bluescreen, typical equipment orders for large and small jobs, lighting for high speed and macro photography, lighting plans for small, medium, and large films. This new edition has also been expanded to provide further guidance at the introductory level for students and those just starting in their careers. A robust accompanying companion website also includes up-to-date video tutorials and other resources for students and professionals alike"--Provided by publisher. |
| 650 ## - SUBJECT ADDED ENTRY--TOPICAL TERM | |
| Topical term or geographic name as entry element | Cinematography |
| Form subdivision | Lighting. |
| 650 ## - SUBJECT ADDED ENTRY--TOPICAL TERM | |
| Topical term or geographic name as entry element | Video recording |
| Form subdivision | Lighting. |
| 942 ## - ADDED ENTRY ELEMENTS (KOHA) | |
| Source of classification or shelving scheme | Library of Congress Classification |
| Koha item type | Books |
| Withdrawn status | Lost status | Source of classification or shelving scheme | Damaged status | Home library | Current library | Shelving location | Date acquired | Source of acquisition | Sub Shelving location | Total Checkouts | Full call number | Barcode | Date last seen | Price effective from | Koha item type |
|---|---|---|---|---|---|---|---|---|---|---|---|---|---|---|---|
| Library of Congress Classification | College Library | College Library | Reserve Section | 10/28/2024 | Library Fund | TR 891 .B76 2024 | C23775 | 10/28/2024 | 10/28/2024 | Books | |||||
| Library of Congress Classification | College Library | College Library | Reserve Section | 06/04/2025 | Library Fund | TR 891 .B76 2024 | C24727 | 08/26/2025 | 08/26/2025 | Books |